00862cam a22002174a 45000010009000000050017000090080041000260200015000670200018000820500022001000820017001221000019001392450060001582600055002183000034002736500027003077000021003348560106003558560091004618560092005521272297120251129164834.0020328s2003 at a 001 0 eng  a0534380263 a978053438026700aTA405 b.P95 200300a620.1/122211 aPytel, Andrew.10aMechanics of materials /cAndrew Pytel, Jaan Kiusalaas. aAustralia ;aPacific Grove, CA :bThomson,cc2003. axiv, 545 p. :bill. ;c26 cm. 0aStrength of materials.1 aKiusalaas, Jaan.423Contributor biographical informationuhttp://www.loc.gov/catdir/enhancements/fy1514/2002023219-b.html423Publisher descriptionuhttp://www.loc.gov/catdir/enhancements/fy1514/2002023219-d.html413Table of contents onlyuhttp://www.loc.gov/catdir/enhancements/fy1514/2002023219-t.html